| 000 | 00444nam a2200181Ia 4500 | ||
|---|---|---|---|
| 005 | 20250603145353.0 | ||
| 008 | 250603s9999 xx 000 0 und d | ||
| 020 | _a9781839100758 | ||
| 050 | _aJV 6255 .M525 .S26/ | ||
| 100 | _aSamers, Michael | ||
| 245 | 0 | _aMigration and nationalism | |
| 260 | _aCheltenham | ||
| 260 | _bEdward Elgar Publishing | ||
| 260 | _c2024 | ||
| 300 | _avii, 232p.: ill. | ||
| 650 | _aCheltenham | ||
| 942 | _cBK | ||
| 999 |
_c41667 _d41667 |
||